| 000 | 01388nam0a2200289 i 4500 | ||
|---|---|---|---|
| 001 | RU\NLR\BIBL_A\010015127 | ||
| 005 | 20240921210516.0 | ||
| 010 |
_a9785894159164 _95000 |
||
| 021 |
_aRU _b2013-89707 _9649д/13 |
||
| 035 | _a(NLR Aleph) 010015127 | ||
| 090 |
_a9873215 _c9873215 |
||
| 100 | _a20131217d2013 m y0rusy50 ca | ||
| 101 | 0 | _arus | |
| 102 | _aRU | ||
| 105 | _aa ||z|||000yy | ||
| 200 | 1 |
_aПриобщение детей с ОВЗ к русской традиционной культуре _e(учебно-методический комплекс) _f[под ред. Е. А. Чернышевой] |
|
| 210 |
_aМосква _cПедагогическая литература _d2013 |
||
| 215 |
_a229, [1] с. _d21 |
||
| 225 | 1 | _aКоррекционная педагогика | |
| 320 | _aБиблиогр. в конце кн. | ||
| 606 | 1 |
_aДети с задержкой психического развития _jУчебно-методические пособия _xХудожественное воспитание средствами народного искусства _92247780 _3RU\NLR\AUTH\6601579283 |
|
| 686 | 1 | _aЧ435.135.52я7 | |
| 702 | 1 |
_4340 _aЧернышева _bЕ. А. _cканд. пед. наук _gЕлена Александровна _9136553 _3RU\NLR\AUTH\770136588 |
|
| 942 | _cBOOK | ||
| 980 | _aNBR | ||